Υπερρεαλισμός και μυθιστόρημα

Saved in:
Bibliographic Details
Main Author: Βασιλάκος, Νίκος, 1954-
Format: Book
Language:Greek
Published: Αθήνα : Υψιλον / βιβλία, 1990
Subjects:
Tags: Add Tag
No Tags, Be the first to tag this record!

MARC

LEADER 00000nam a2200000 i 4500
001 1/81823
008 960830s1990 gre d
035 |a 1995  |b 3  |c Αναγνωστοπούλου  |l 10033787 
040 |a GR-MY-UA  |b gre  |e aacr 
041 0 |a gre 
082 0 |a 808.801 
100 1 |a Βασιλάκος, Νίκος,   |d 1954- 
245 1 0 |a Υπερρεαλισμός και μυθιστόρημα /  |c Νίκος Βασιλάκος 
260 |a Αθήνα :   |b Υψιλον / βιβλία,   |c 1990 
300 |a 60 σ. 
650 0 0 |a Surrealism (Literature) 
852 |a INST  |b RHODES  |e 19960830  |h 808.801 ΒΑΣ  |p 005400011571  |q 005400011571  |t BK  |y 0 
909 |a Ρ  |b 043036  |c 1995 
970 |z 2000/06/ΚΑΤΕΡΙΝΑ